01384nam a2200325 a 4500001001200000003000800012006001900020007001500039008004100054010001700095020002600112020002700138040002100165035002100186050002600207082001700233100002300250245013600273260003600409300002400445504005100469505013600520533015200656650002700808650003400835655002900869710001700898856012600915999001701041ebr10728367CaPaEBRm o u cr cn|||||||||130415s2013 njua sb 001 0 eng d z 2013016102 z9781118617465 (cloth) z9781118722879 (e-book) aCaPaEBRcCaPaEBR a(OCoLC)85400518314aHD58.8b.P4515 2013eb04a658.4/062231 aPennington, Randy.10aMake change workh[electronic resource] :bstaying nimble, relevant, and engaged in a world of constant change /cRandy Pennington. aHoboken, N.J. :bWiley,cc2013. axix, 167 p. :bill. aIncludes bibliographical references and index.0 aThe new normal -- Faster, better, cheaper--friendlier -- Good change, bad change -- Dodos and coyotes : -- Only the nimble survive. aElectronic reproduction.bPalo Alto, Calif. :cebrary,d2013.nAvailable via World Wide Web.nAccess may be limited to ebrary affiliated libraries. 0aOrganizational change. 0aOrganizational effectiveness. 7aElectronic books.2local2 aebrary, Inc.40uhttp://site.ebrary.com/lib/rucke/Doc?id=10728367zAn electronic book accessible through the World Wide Web; click to view c37877d37877